000 00391nam a22001697a 4500
005 20180719121944.0
008 160620b xxu||||| |||| 00| 0 eng d
020 _a0-07-463210-8
041 _aeng
082 _b8488
_a332
100 _aKohn, Meir
_92313
245 _aFinancial Institutions and Market
260 _bTMH
_c1999
300 _a856
650 _aManagement
_9241
942 _cBK
999 _c3251
_d3250